[Event "GRE-chT 51st"]
[Site "Trikala"]
[Date "2024.07.07"]
[Round "4.6"]
[White "Tzavara, Eleni"]
[Black "Kalamoukou, Giolanta"]
[Result "0-1"]
[WhiteElo "1658"]
[BlackElo "1823"]
[PlyCount "62"]
[EventDate "2024.07.04"]
[EventType "team-swiss"]
[EventRounds "7"]
[EventCountry "GRE"]
[SourceTitle "CBM 221 Extra"]
[Source "ChessBase"]
[SourceDate "2024.09.30"]
[SourceVersion "1"]
[SourceVersionDate "2024.09.30"]
[SourceQuality "1"]
[WhiteTeam "Kallithea"]
[BlackTeam "Pneemathlon"]
[WhiteTeamCountry "GRE"]
[BlackTeamCountry "GRE"]

1. e4 c5 2. Nf3 Nc6 3. Bb5 g6 4. Bxc6 bxc6 5. d4 Bg7 6. dxc5 Qa5+ 7. Nbd2 Ba6 8. a3 Qxc5 9. b4 Qb6 10. Rb1 Nf6 11. c4 c5 12. e5 Ng4 13. b5 Bb7 14. Bb2 0-0 15. 0-0 Rad8 16. h3 Nh6 17. Re1 Nf5 18. Ne4 d5 19. exd6 Nxd6 20. Nxd6 Rxd6 21. Qb3 Bxb2 22. Rxb2 Rfd8 23. Re3 Rd1+ 24. Kh2 Qd6+ 25. g3 Qf6 26. Ra2 g5 27. g4 h5 28. Qc3 Qf4+ 29. Kg2 hxg4 30. hxg4 Qxg4+ 31. Kh2 R8d6 0-1

[Event "GRE-chT 51st"]
[Site "Trikala"]
[Date "2024.07.06"]
[Round "3.6"]
[White "Tzavara, Eleni"]
[Black "Alexandri, Vasiliki"]
[Result "1/2-1/2"]
[WhiteElo "1658"]
[BlackElo "1870"]
[PlyCount "116"]
[EventDate "2024.07.04"]
[EventType "team-swiss"]
[EventRounds "7"]
[EventCountry "GRE"]
[SourceTitle "CBM 221 Extra"]
[Source "ChessBase"]
[SourceDate "2024.09.30"]
[SourceVersion "1"]
[SourceVersionDate "2024.09.30"]
[SourceQuality "1"]
[WhiteTeam "Kallithea"]
[BlackTeam "Neapolis Sykeon"]
[WhiteTeamCountry "GRE"]
[BlackTeamCountry "GRE"]

1. e4 e5 2. Nf3 Nc6 3. Nc3 Nf6 4. d4 exd4 5. Nxd4 Bb4 6. Nxc6 bxc6 7. Bd3 0-0 8. 0-0 d5 9. exd5 cxd5 10. h3 c6 11. Qf3 Be6 12. Bf4 Bd6 13. Bxd6 Qxd6 14. Rfe1 a5 15. b3 c5 16. Rad1 Qc7 17. Ne2 Qb6 18. Nf4 Rad8 19. Nh5 Nxh5 20. Qxh5 g6 21. Qg5 c4 22. bxc4 dxc4 23. Be4 f6 24. Qg3 Rxd1 25. Rxd1 Rd8 26. Rxd8+ Qxd8 27. Qc3 Kf7 28. Bf3 Qb6 29. a3 a4 30. Be2 Qc5 31. Qb2 Kg7 32. Qb7+ Bf7 33. Qb2 c3 34. Qa1 Qd4 35. Bb5 Bd5 36. Bd3 Bc6 37. Qe1 Qc5 38. Qa1 Qd5 39. f3 Qd4+ 40. Kh2 Qc5 41. Qa2 Bd5 42. Qa1 h5 43. Qc1 g5 44. Kh1 Qf2 45. Qf1 Qc5 46. Qc1 Bf7 47. Kh2 Bg6 48. Bxg6 Kxg6 49. Kh1 Qd6 50. Kg1 Qb6+ 51. Kh2 Qb2 52. Qd1 Qxa3 53. Qd3+ Kh6 54. Qd8 Kg7 55. Qd7+ Kg8 56. Qe8+ Kg7 57. Qd7+ Kg6 58. Qe8+ Kg7 1/2-1/2

[Event "GRE-ch U18 Girls"]
[Site "Athens"]
[Date "2024.01.08"]
[Round "9"]
[White "Tzavara, Eleni"]
[Black "Alexandri, Vasiliki"]
[Result "1/2-1/2"]
[WhiteElo "1429"]
[BlackElo "1764"]
[PlyCount "52"]
[EventDate "2024.01.02"]
[EventType "swiss"]
[EventRounds "9"]
[EventCountry "GRE"]
[SourceTitle "EXT 2025"]
[Source "ChessBase"]
[SourceDate "2024.10.14"]
[SourceVersion "1"]
[SourceVersionDate "2024.10.14"]
[SourceQuality "1"]
[WhiteTeam "Griechenland"]
[BlackTeam "Griechenland"]
[WhiteTeamCountry "GRE"]
[BlackTeamCountry "GRE"]

1. e4 e5 2. Nf3 Nc6 3. Bc4 Nf6 4. Ng5 d5 5. exd5 Na5 6. Bb5+ c6 7. dxc6 bxc6 8. Bd3 Nd5 9. Nf3 Bd6 10. 0-0 Nf4 11. Re1 Nxd3 12. cxd3 0-0 13. Nxe5 Re8 14. d4 f6 15. Nd3 Bf5 16. Nc5 Bc2 17. Rxe8+ Qxe8 18. Qf1 Bxc5 19. dxc5 Qg6 20. Nc3 Bd3 21. Qd1 Re8 22. b3 Bc2 23. Qf1 Bd3 24. Qd1 Bc2 25. Qf1 Bd3 26. Qd1 Bc2 1/2-1/2

[Event "GRE-ch South U14 Girls"]
[Site "Athens"]
[Date "2020.08.28"]
[Round "1"]
[White "Kratimenou, Georgia"]
[Black "Tzavara, Eleni"]
[Result "1-0"]
[WhiteElo "1465"]
[BlackElo "1268"]
[PlyCount "57"]
[EventDate "2020.08.28"]
[EventType "swiss"]
[EventRounds "7"]
[EventCountry "GRE"]
[SourceTitle "EXT 2023"]
[Source "ChessBase"]
[SourceDate "2022.10.05"]
[SourceVersion "1"]
[SourceVersionDate "2022.10.05"]
[SourceQuality "1"]

1. e4 c5 2. Nf3 d6 3. d4 cxd4 4. Nxd4 Nf6 5. Nc3 a6 6. Be2 e6 7. f4 Be7 8. g4 h6 9. h4 e5 10. Nf5 Bxf5 11. exf5 Nc6 12. Bf3 Rc8 13. Be3 Qc7 14. Qd2 b5 15. g5 exf4 16. Bxf4 hxg5 17. hxg5 Rxh1+ 18. Bxh1 Ng4 19. 0-0-0 Nge5 20. Qe2 Rd8 21. Re1 f6 22. Qh5+ Kd7 23. Bd5 Kc8 24. Be6+ Kb8 25. Rd1 Qa7 26. Nd5 Nd4 27. Be3 Nef3 28. c3 Ne2+ 29. Kb1 1-0

[Event "GRE-ch U10 Girls"]
[Site "Achaia"]
[Date "2017.06.30"]
[Round "7"]
[White "Tzavara, Eleni"]
[Black "Karavitaki, Antonia"]
[Result "0-1"]
[WhiteElo "1188"]
[BlackElo "1084"]
[PlyCount "144"]
[EventDate "2017.06.26"]
[EventType "swiss"]
[EventRounds "9"]
[EventCountry "GRE"]
[SourceTitle "EXT 2018"]
[Source "ChessBase"]
[SourceDate "2017.10.13"]
[SourceVersion "1"]
[SourceVersionDate "2017.10.13"]
[SourceQuality "1"]

1. e4 c5 2. Nf3 g6 3. d4 cxd4 4. Nxd4 Bg7 5. c4 Nc6 6. Be3 Nf6 7. Nc3 0-0 8. Be2 d6 9. 0-0 Bd7 10. f3 Nxd4 11. Bxd4 Bc6 12. b4 a5 13. a3 axb4 14. axb4 Rxa1 15. Qxa1 Ne8 16. Be3 Nc7 17. Qc1 Ne6 18. Rd1 Qc7 19. Nd5 Qd7 20. b5 Bxd5 21. Rxd5 Rc8 22. Qa3 Be5 23. Bf1 Qd8 24. Qa7 Qd7 25. Rd1 Qc7 26. Bb6 Qb8 27. Qxb8 Rxb8 28. h3 Ra8 29. Rd2 Bg3 30. Be2 Ra1+ 31. Rd1 Ra2 32. Kf1 Nf4 33. Bd3 Rxg2 34. Bb1 Rb2 35. Bd4 Rb4 36. Ba2 Ra4 37. Rd2 Ra3 38. Bb1 Rxf3+ 39. Kg1 Ra3 40. Bb2 Ra4 41. Rc2 Nd3 42. Bd4 e5 43. Bb6 Ra1 44. Kg2 Bf4 45. Ba2 Nb4 46. Bb3 Nxc2 47. Bxc2 Ra2 48. Kf3 Rxc2 49. Bc7 Rxc4 50. Bxd6 Rc3+ 51. Kg2 Rb3 52. Bc5 Rxb5 53. Bf2 Rb2 54. Kf3 Rxf2+ 55. Kxf2 b5 56. Ke2 Kf8 57. Kd3 Ke7 58. Kc3 Kd6 59. Kb4 Kc6 60. Kb3 Kc5 61. Kc3 b4+ 62. Kb3 h5 63. Kb2 Kc4 64. Kc2 b3+ 65. Kb2 g5 66. Ka3 g4 67. hxg4 hxg4 68. Ka4 b2 69. Ka5 b1Q 70. Ka6 Kc5 71. Ka7 Kc6 72. Ka8 Qb7# 0-1

[Event "GRE-ch U10 Girls"]
[Site "Achaia"]
[Date "2017.06.28"]
[Round "4"]
[White "Kalamoukou, Giolanta"]
[Black "Tzavara, Eleni"]
[Result "1-0"]
[WhiteElo "1168"]
[BlackElo "1188"]
[PlyCount "83"]
[EventDate "2017.06.26"]
[EventType "swiss"]
[EventRounds "9"]
[EventCountry "GRE"]
[SourceTitle "EXT 2018"]
[Source "ChessBase"]
[SourceDate "2017.10.13"]
[SourceVersion "1"]
[SourceVersionDate "2017.10.13"]
[SourceQuality "1"]

1. d4 d5 2. Nf3 Nf6 3. e3 c5 4. b3 Nc6 5. Bd3 Bg4 6. Bb2 e6 7. Nbd2 Be7 8. 0-0 0-0 9. c4 Re8 10. a3 a6 11. Qc2 Bxf3 12. Nxf3 cxd4 13. Nxd4 Nxd4 14. Bxd4 g6 15. Rfd1 Rc8 16. Qe2 dxc4 17. Bxc4 Qc7 18. Qb2 Nd7 19. Rac1 Qd8 20. Qa1 b5 21. Be2 Rxc1 22. Rxc1 Bf6 23. Bxf6 Qxf6 24. Qxf6 Nxf6 25. h3 Rd8 26. Rc6 Rd2 27. Bf1 a5 28. Bxb5 Rb2 29. Bc4 Nd7 30. Ra6 Nc5 31. Rxa5 Nxb3 32. Bxb3 Rxb3 33. Ra8+ Kg7 34. a4 Ra3 35. a5 Kf6 36. Kh2 Ra2 37. Kg3 h5 38. f4 Kf5 39. Kf3 Ra3 40. Rf8 f6 41. g4+ hxg4+ 42. hxg4# 1-0

[Event "GRE-ch U10 Girls"]
[Site "Achaia"]
[Date "2017.06.27"]
[Round "3"]
[White "Tzavara, Eleni"]
[Black "Akriva, Christina"]
[Result "1-0"]
[WhiteElo "1188"]
[BlackElo "1111"]
[PlyCount "35"]
[EventDate "2017.06.26"]
[EventType "swiss"]
[EventRounds "9"]
[EventCountry "GRE"]
[SourceTitle "EXT 2018"]
[Source "ChessBase"]
[SourceDate "2017.10.13"]
[SourceVersion "1"]
[SourceVersionDate "2017.10.13"]
[SourceQuality "1"]

1. e4 e5 2. Nf3 Nc6 3. Bc4 Bc5 4. 0-0 Nf6 5. d3 d6 6. c3 0-0 7. Bb3 Bg4 8. h3 Bh5 9. Re1 h6 10. Nbd2 Qd7 11. Nf1 Bxf3 12. Qxf3 Ne7 13. Ng3 Ng6 14. Nf5 Ne7 15. Nxh6+ gxh6 16. Qxf6 Ng6 17. Bxh6 Rfe8 18. Qg7# 1-0

[Event "GRE-ch U10 Girls"]
[Site "Porto Rio"]
[Date "2016.06.28"]
[Round "1"]
[White "Tzavara, Eleni"]
[Black "Kanteraki, Maria Myrto"]
[Result "0-1"]
[WhiteElo "1028"]
[BlackElo "1282"]
[PlyCount "140"]
[EventDate "2016.06.28"]
[EventType "swiss"]
[EventRounds "9"]
[EventCountry "GRE"]
[SourceTitle "CBM 173 Extra"]
[Source "ChessBase"]
[SourceDate "2016.08.29"]
[SourceVersion "1"]
[SourceVersionDate "2016.08.29"]
[SourceQuality "1"]

1. e4 c5 2. Nf3 e6 3. d4 cxd4 4. Nxd4 Nf6 5. Nc3 d6 6. Be2 a6 7. 0-0 Qc7 8. f4 b5 9. a3 Bb7 10. Bf3 Nbd7 11. Kh1 Be7 12. Qe1 Rc8 13. Qg3 Qc5 14. Be3 Rg8 15. Rae1 Qc7 16. e5 Nd5 17. Nxd5 exd5 18. exd6 Qxd6 19. Nf5 Qg6 20. Qxg6 hxg6 21. Nxe7 Kxe7 22. Bc5+ Kd8 23. Be7+ Kc7 24. c3 Nb6 25. Rd1 Rge8 26. Rfe1 Kd7 27. Bg5 Rxe1+ 28. Rxe1 Nc4 29. Re7+ Kc6 30. Re2 f6 31. Bh4 Rd8 32. Bf2 Bc8 33. Bd4 Bf5 34. g4 Bd3 35. Rg2 Re8 36. Kg1 Re1+ 37. Kf2 Rb1 38. b4 Nxa3 39. Kg3 Nc2 40. Bc5 Rb3 41. Rd2 Rxc3 42. Kh4 Bf1 43. Bxd5+ Kc7 44. Bg2 Bxg2 45. Rxg2 Rc4 46. Rf2 Nxb4 47. Be3 Re4 48. Bc5 Nd3 49. Rc2 Nxc5 50. Rxc5+ Kb6 51. Rd5 Rxf4 52. Rd7 f5 53. h3 fxg4 54. hxg4 b4 55. Rd1 a5 56. Rb1 a4 57. Rb2 b3 58. Rb1 Rf3 59. Ra1 b2 60. Rb1 a3 61. Kg5 Rb3 62. Re1 b1Q 63. Re6+ Ka5 64. Rxg6 Qxg6+ 65. Kxg6 a2 66. Kf5 a1Q 67. Ke4 Rb5 68. Ke3 Qa3+ 69. Kd4 Qa4+ 70. Kc3 Rb3+ 0-1